Knowledge production in visual arts organisations : (Record no. 4594)
[ view plain ]
| 000 -LEADER | |
|---|---|
| campo de control de longitud fija | 02323nam a22002657i 4500 |
| 003 - IDENTIFICADOR DE NÚMERO DE CONTROL | |
| campo de control | OSt |
| 005 - FECHA Y HORA DE LA ÚLTIMA TRANSACCIÓN | |
| campo de control | 20251210155021.0 |
| 008 - DATOS DE LONGITUD FIJA--INFORMACIÓN GENERAL | |
| campo de control de longitud fija | 251210e2023 ||||||||r|||| 001 0 eng d |
| 020 ## - NÚMERO INTERNACIONAL ESTÁNDAR DEL LIBRO | |
| Número Internacional Estándar del Libro | 9789725409145 |
| 040 ## - FUENTE DE CATALOGACIÓN | |
| Lengua de catalogación | spa |
| Centro/agencia transcriptor | LADOV |
| 041 0# - CÓDIGO DE IDIOMA | |
| Código de lengua del texto/banda sonora o título independiente | eng |
| 082 04 - NÚMERO DE LA CLASIFICACIÓN DECIMAL DEWEY | |
| Número de clasificación | 707 |
| Número de ítem | ST823k |
| 100 1# - ENTRADA PRINCIPAL--NOMBRE DE PERSONA | |
| Nombre de persona | Steinvorth, Sofia Ana Elise |
| Término indicativo de función/relación | autora |
| 245 10 - MENCIÓN DEL TÍTULO | |
| Título | Knowledge production in visual arts organisations : |
| Resto del título | a case study on the triangle network / |
| Mención de responsabilidad, etc. | Sofia Ana Elise Steinvorth. |
| 250 ## - MENCION DE EDICION | |
| Mención de edición | 2nd edition |
| 260 ## - PUBLICACIÓN, DISTRIBUCIÓN, ETC. | |
| Lugar de publicación, distribución, etc. | Lisboa, Portugal : |
| Nombre del editor, distribuidor, etc. | UPC Press, |
| Fecha de publicación, distribución, etc. | 2023. |
| 300 ## - DESCRIPCIÓN FÍSICA | |
| Extensión | 192 páginas ; |
| Otras características físicas | 23 cm |
| 490 0# - MENCIÓN DE SERIE | |
| Mención de serie | The Lisbon Consortium T(h)ESES |
| 505 0# - NOTA DE CONTENIDO CON FORMATO | |
| Nota de contenido con formato | Acknowledgements. -- Introduction. -- PART I Visual Arts Organisations Within the Contemporary Arts Landscape. -- CHAPTER 1 Knowledge Production from Curatorial Discourse to Institutional Aim. -- 1.1 Artistic Research. -- 1.2 The Role of the Curator. -- 1.3 New Institutionalism. -- CHAPTER 2 Visual Arts Organisations: Three Case Studies from the Triangle Network. -- 2.1 Triangle Network. -- 2.2 Network as Rhizome. -- <br/>2.3 Three Case Studies. -- Knowledge Production in Visual Arts Organisations. A Case Study on the Triangle Network. -- PART II The Three Vertices of Knowledge in Visual Arts Organisations: Mediation, Representation and Conviviality. -- CHAPTER 3 From Education to Mediation: Breaking Down Barriers. -- 3.1 Curating and Education. -- 3.2 Process- vs. Product-Orientation 3.3 Dialogue, Conversation and Mobility. -- 3.4 Mediation. -- 3.5 Architecture as a Mediating Tool. -- CHAPTER 4 Representation – Curating ‘Other’ Knowledge(s). -- 4.1 Making Heterogeneity a Point. -- 4.2 Representation and Identity Politics. -- 4.3 Context-Specific Knowledge Production Between Local and Global. -- CHAPTER 5 Conviviality – What Being Together Means for Knowledge Production. -- 5.1 Shared Space | Shared Time – The Importance of (the) Experience. -- 5.2 Coming Together at the Table: Food + Drinks = Knowledge? -- CONCLUSION Knowledge Production in VAOs – How to Make it Happen? -- References. -- Annexes. |
| 650 04 - PUNTO DE ACCESO ADICIONAL DE MATERIA--TÉRMINO DE MATERIA | |
| Término de materia o nombre geográfico como elemento de entrada | Curaduría |
| 650 04 - PUNTO DE ACCESO ADICIONAL DE MATERIA--TÉRMINO DE MATERIA | |
| Término de materia o nombre geográfico como elemento de entrada | Prácticas curatoriales |
| 650 04 - PUNTO DE ACCESO ADICIONAL DE MATERIA--TÉRMINO DE MATERIA | |
| Término de materia o nombre geográfico como elemento de entrada | Investigación curatorial |
| 856 ## - LOCALIZACIÓN Y ACCESO ELECTRÓNICOS | |
| Identificador Uniforme de Recursos | <a href="https://ciencia.ucp.pt/ws/portalfiles/portal/88160473/88160437.pdf">https://ciencia.ucp.pt/ws/portalfiles/portal/88160473/88160437.pdf</a> |
| 942 ## - ELEMENTOS DE ENTRADA SECUNDARIOS (KOHA) | |
| Fuente del sistema de clasificación o colocación | Clasificación Decimal Dewey |
| Tipo de ítem Koha | Libros |
| Parte de la signatura que corresponde a la clasificación (Parte de la clasificación) | 707 |
| Parte de la signatura que identifica el ejemplar (Parte del ítem) | ST823k |
| Suprimir en OPAC | No |
| Estatus retirado | Estado de pérdida | Fuente del sistema de clasificación o colocación | Estado de daño | No para préstamo | Colección | Biblioteca de origen | Biblioteca actual | Fecha de adquisición | Total de préstamos | Signatura topográfica completa | Código de barras | Visto por última vez | Precio de reemplazo | Tipo de ítem Koha |
|---|---|---|---|---|---|---|---|---|---|---|---|---|---|---|
| Clasificación Decimal Dewey | Libros | Biblioteca LadoV | Biblioteca LadoV | 10/12/2025 | 707 ST823k | 005269 | 10/12/2025 | 10/12/2025 | Libros |
